000 00615nam a2200205 a 4500
003 SISC
005 20160601144509.0
008 110105s19uu xx 00 eng d
020 _a00132302721
050 _aBF 121
_b.C522 2010
100 _aCicarelli, Saundra.
245 _aPsychology :
_ban exploration /
_cSaundra Cicarelli.
260 _aNew Jersey :
_bPrentice Hall,
_c2010.
300 _a600 pages :
_bcolor illustrations ;
_c28 cm.
500 _aIncludes bibliographical references and index.
650 _aPsychology- textbooks.
700 _aNoland White.
942 _cBK
_2lcc
_kFOR
999 _c24251
_d24251